00670nam 22001933 4500001000700000090001100007100004100018200004800059210003800107215003300145305003500178606003900213675002700252700003500279801001800314830002900332990001100361995010400372202047 a202047 a20260505d u||y0pory50 ba aThe cocktail partyfA comedy by T. S. Eliot aLondoncFaber and Faber d[19--?] a185, [4] p.cbrochadod19 cm aEdição em língua Inglesa 97613aLiteratura AmericanaxTeatro a821.111(73)-2vPTzpor 917243aEliotbT. S.f1888-1965 aPTbBMMNgRPC cAna FalardofAna Falardo cLIVROS 002052026-05-06931739bBMMNf31460k821.111(73)-2 ELI|SAFo0rLIVROSuAcesso CondicionadosOferta